[Event "Reunion op 11th"]
[Site "St Denis"]
[Date "2009.10.11"]
[Round "3"]
[White "Cazal, Vincent"]
[Black "Sileza, Hugo"]
[Result "1-0"]
[WhiteElo "1250"]
[BlackElo "1099"]
[PlyCount "64"]
[EventDate "2009.10.10"]
[EventType "swiss"]
[EventRounds "9"]
[EventCountry "RUF"]
[SourceTitle "CBM 132 Extra"]
[Source "ChessBase"]
[SourceDate "2009.11.03"]
[SourceVersion "1"]
[SourceVersionDate "2009.11.03"]
[SourceQuality "1"]

1. e4 e5 2. Nf3 d6 3. Bc4 a5 4. d3 Ra6 5. Bxa6 bxa6 6. Ng5 h6 7. Nh7 Be7 8. Qf3 h5 9. Qxh5 g6 10. Qf3 Rxh7 11. Nc3 Rh5 12. Nd5 Bg5 13. Bxg5 Rxg5 14. h4 Rf5 15. Qe3 c6 16. Nb6 Bb7 17. exf5 Qd7 18. Nxd7 Nxd7 19. fxg6 fxg6 20. h5 gxh5 21. Rxh5 Nf8 22. Rg5 Ne7 23. Qa7 Bc8 24. Rg7 Bd7 25. Kd2 a4 26. Rh1 a5 27. Rhh7 Nxh7 28. Rxh7 c5 29. Rh8+ Kf7 30. Qxd7 Kf6 31. Rh6+ Kf7 32. Rh7+ Kf8 1-0

[Event "Reunion op 11th"]
[Site "St Denis"]
[Date "2009.10.11"]
[Round "2"]
[White "Sileza, Hugo"]
[Black "Semanele, Donald"]
[Result "0-1"]
[WhiteElo "1099"]
[BlackElo "1360"]
[PlyCount "60"]
[EventDate "2009.10.10"]
[EventType "swiss"]
[EventRounds "9"]
[EventCountry "RUF"]
[SourceTitle "CBM 132 Extra"]
[Source "ChessBase"]
[SourceDate "2009.11.03"]
[SourceVersion "1"]
[SourceVersionDate "2009.11.03"]
[SourceQuality "1"]

1. d4 d5 2. e3 Nf6 3. Be2 Nc6 4. Na3 e5 5. dxe5 Nxe5 6. f4 Nc6 7. Bd2 a6 8. Nf3 Ne4 9. Bc3 Be6 10. Ba5 Nxa5 11. b4 Nc4 12. Nxc4 dxc4 13. Rb1 c3 14. Rb3 b5 15. h4 Qd6 16. Bd3 Ng3 17. Rh3 Nh5 18. g4 Bxg4 19. Rg3 Nxg3 20. Rxc3 Qxb4 21. Qd2 Bxf3 22. Kf2 Qb1 23. Kxf3 Nh5 24. Kg4 g6 25. Kf3 b4 26. Rxc7 Bd6 27. Rc6 Qh1+ 28. Ke2 Bxf4 29. Qd1 Qg2+ 30. Ke1 Bg3# 0-1